000 00735nam a2200205Ia 4500
003 OSt
005 20211104144450.0
008 210310t1963 eu fr 000 0deng d
040 _aCO-JMCR
_cCO-JMCR
041 0 _aeng
082 0 4 _a338.9 /
_bW176p
_223
100 1 _aWalinsky, Louis J.,
_918080
_eautor
245 4 _aThe planning and execution of economic development :
_ba nontechnical guide for policy makers and administrators /
_cLouis J. Walinsky
260 _aNew York :
_bMcGraw-Hill,
_c©1963
300 _axiii, 248 páginas :
_b23 cm.
500 _aIncluye datos biográficos del autor.
505 0 _aPlanning -- Execution -- Some practical approaches
650 1 4 _aDesarrollo económico
_918082
_xGuía
942 _2ddc
_cBK
999 _c8717
_d8717